[Event "Nordic School-chT U20"]
[Site "Lund"]
[Date "2007.09.09"]
[Round "5.3"]
[White "Kazazi, Enver"]
[Black "Thorsteinsson, Hilmar"]
[Result "0-1"]
[WhiteElo "1870"]
[BlackElo "1855"]
[PlyCount "76"]
[EventDate "2007.09.??"]
[EventType "team-tourn"]
[EventRounds "5"]
[EventCountry "SWE"]
[SourceTitle "EXT 2010"]
[Source "ChessBase"]
[SourceDate "2010.11.25"]
[SourceVersion "1"]
[SourceVersionDate "2010.11.25"]
[SourceQuality "1"]

1. e4 d6 2. d4 Nf6 3. Nc3 g6 4. Bg5 Bg7 5. Qd2 Nbd7 6. 0-0-0 c5 7. e5 cxd4 8. exf6 dxc3 9. Qf4 cxb2+ 10. Kb1 Nxf6 11. Bb5+ Bd7 12. Bc4 b5 13. Bb3 a5 14. Nf3 a4 15. Bxf6 Bxf6 16. Bd5 Rc8 17. Ng5 e6 18. Ne4 Be5 19. Nxd6+ Bxd6 20. Qxd6 Qc7 21. Qxc7 Rxc7 22. Be4 f5 23. Bf3 a3 24. Rd3 b4 25. Rhd1 Ke7 26. Rd6 Rhc8 27. R1d2 Ba4 28. Bd1 Bxc2+ 29. Bxc2 Rxc2 30. Rd7+ Ke8 31. Rxc2 Rxc2 32. Rd1 Rxf2 33. Rg1 e5 34. h3 e4 35. g3 e3 36. Re1 e2 37. Kc2 b1Q+ 38. Rxb1 Rf1 0-1